| 000 | 00541cam a2200181ua 4500 | ||
|---|---|---|---|
| 001 | 2262 | ||
| 008 | 110805n ii |||gr||||Z||||||eng | ||
| 040 | _cMAIN | ||
| 082 | _a370.15 | ||
| 100 |
_aRai, B. C., _eAuthor. |
||
| 245 | 1 |
_aEducational psychology statistics in education and experimental psychology _cby B. C. Rai |
|
| 250 | _a1st. | ||
| 260 |
_aLucknow: _bPrakashan Kendra,969. |
||
| 300 |
_a511p: _c23cm. |
||
| 653 | _aEducation | ||
| 653 | _aEducational psychology statistics in education and experimental psychology | ||
| 942 | _cBK | ||
| 999 |
_c2128 _d2128 |
||